000 00595nam a2200229Ia 4500
003 OSt
005 20220924113154.0
006 a|||||r|||| 00| 0
007 ta
008 220923b |||||||| |||| 00| 0 eng d
024 _a149579
037 _cDictionary
040 _aARTS
_cARTS
_beng
041 _2eng
_aeng
082 _aY1:4:6, G6
100 _aWickwar W Hardy
_9169625
245 0 _aSocial services:a historical survey,etc
260 _aNA
_bNA
_c1936
650 _aSOCIOLOGY
942 _hY1:4:6, G6
_cdic
_2cc
999 _c389441
_d389441